000 00299nam a22001337a 4500
008 170614b xxu||||| |||| 00| 0 eng d
020 _a9780130808332
041 _aeng
080 _a32
100 _a19
101 _aSHP
245 _aASPECTS OF WORLD CIVILIZATION
_cROGERS, P.M
942 _2udc
_cBK
999 _c17297
_d17297